| 000 | 01215cam a2200337 i 4500 | ||
|---|---|---|---|
| 005 | 20240312111149.0 | ||
| 008 | |||
| 020 | _a9781118760420 (paperback) | ||
| 040 |
_aNUST _cNUST |
||
| 049 | _aMAIN | ||
| 090 | 0 | 0 |
_aRC451.4.P79 _bZAR |
| 100 | 1 |
_aZarbock, Gerhard, _eauthor |
|
| 245 | 1 | 0 |
_aMindfulness for therapists : _bunderstanding mindfulness for professional effectiveness and personal well-being / _cGerhard Zarbock, Siobhan Lynch, Axel Ammann and Silka Ringer |
| 264 | 1 |
_aChichester, West Sussex : _bJohn Wiley & Sons, _c2015 |
|
| 300 |
_aix, 185 pages : _billustrations ; _c24 cm |
||
| 336 |
_atext _btxt _2rdacontent |
||
| 337 |
_aunmediated _bn _2rdamedia |
||
| 338 |
_avolume _bnc _2rdacarrier |
||
| 500 | 8 | _aIncludes index | |
| 504 | _aIncludes bibliographical references | ||
| 650 | 0 |
_aPsychotherapists _xMental health |
|
| 650 | 0 |
_aMeditation _xTherapeutic use |
|
| 650 | 0 | _aAwareness | |
| 650 | 1 | 2 | _aHealth Personnel |
| 650 | 1 | 2 | _aMindfulness |
| 700 | 1 |
_aLynch, Siobhan, _cPh. D., _eauthor |
|
| 700 | 1 |
_aAmmann, Axel, _eauthor |
|
| 700 | 1 |
_aRinger, Silka, _eauthor |
|
| 907 |
_a.b10414903 _b02-03-22 _c02-03-22 |
||
| 942 |
_cBOOKS _kRC451.4.P79 _mZAR |
||
| 999 |
_c121756 _d121756 |
||